000 00302nam a2200133Ia 4500
005 20251222141855.0
008 251222s9999||||xx |||||||||||||| ||spa||
020 _a3-8228-3247-2
082 _a791.430.29/M94
100 _aMuller, Jurgen
245 0 _aCine de los 50
264 _bTaschen
942 _cLIB
999 _c7853
_d7853